[Event "Ivrea Eporediese op 26th"]
[Site "Ivrea"]
[Date "2009.02.19"]
[Round "6"]
[White "Giunto, Stefano"]
[Black "Romano, Antonino"]
[Result "0-1"]
[WhiteElo "1422"]
[BlackElo "1713"]
[PlyCount "62"]
[EventDate "2009.01.15"]
[EventType "swiss"]
[EventRounds "9"]
[EventCountry "ITA"]
[SourceTitle "EXT 2011"]
[Source "ChessBase"]
[SourceDate "2010.11.26"]
[SourceVersion "1"]
[SourceVersionDate "2010.11.26"]
[SourceQuality "1"]

1. e4 c6 2. d4 d5 3. Nc3 dxe4 4. Nxe4 Bf5 5. Ng3 Bg6 6. h4 h6 7. h5 Bh7 8. Nf3 Nd7 9. Bd3 Bxd3 10. Qxd3 Qc7 11. 0-0 e6 12. Ne4 Ngf6 13. g3 Nxh5 14. c4 Nhf6 15. Bf4 Qd8 16. Rfd1 Nxe4 17. Qxe4 Nf6 18. Qd3 Bd6 19. Bxd6 Qxd6 20. c5 Qc7 21. b4 0-0 22. a4 Rad8 23. Qc4 Rd5 24. Ra3 Re8 25. Rad3 Ne4 26. Re1 Nxg3 27. fxg3 Qxg3+ 28. Kf1 Rh5 29. Ne5 Rh1+ 30. Ke2 Qxe1+ 31. Kf3 Rf1+ 0-1

[Event "Ivrea Eporediese op 26th"]
[Site "Ivrea"]
[Date "2009.01.29"]
[Round "3"]
[White "Guglielmi, Nicolo"]
[Black "Giunto, Stefano"]
[Result "1-0"]
[WhiteElo "1950"]
[BlackElo "1422"]
[PlyCount "35"]
[EventDate "2009.01.15"]
[EventType "swiss"]
[EventRounds "9"]
[EventCountry "ITA"]
[SourceTitle "EXT 2011"]
[Source "ChessBase"]
[SourceDate "2010.11.26"]
[SourceVersion "1"]
[SourceVersionDate "2010.11.26"]
[SourceQuality "1"]

1. d4 e6 2. Nf3 Nf6 3. Bg5 Be7 4. e3 Nc6 5. Bd3 0-0 6. 0-0 d5 7. c3 Qd6 8. Qc2 e5 9. dxe5 Nxe5 10. Nxe5 Qxe5 11. Bxf6 Bxf6 12. Bxh7+ Kh8 13. Bd3 c5 14. Nd2 Be6 15. Nf3 Qd6 16. Qe2 Qc6 17. Nd4 cxd4 18. Qh5+ 1-0